000 00634nam a2200181 4500
001 131465
003 ES-MaACL
005 20251004063152.0
007 t|
008 070214s1971 dr r ||||1| spa d
100 1 _aRodríguez Demorizi, Emilio,
_d1908-1986
_998490
245 1 0 _aMúsica y baile en Santo Domingo /
_cEmilio Rodríguez Demorizi ; prólogo... Enrique de Marchena Dujarric.
260 _aSanto Domingo :
_bLib. Hispaniola,
_c1971.
300 _a227 p., 1 lám. = retr. aut. ;
_c20 cm.
700 1 _aMarchena Dujarric, Enrique de.
_976420
852 _aES-MaACL
_jC-50079
_bR.79048
999 _c131465
_d131465